LEADER 01401nam--2200385---450- 001 990001840680203316 005 20050303162453.0 035 $a000184068 035 $aUSA01000184068 035 $a(ALEPH)000184068USA01 035 $a000184068 100 $a20040709d1933----km-y0itay0103----ba 101 0 $aita 102 $aIT 105 $aa|||||||001yy 200 1 $a<> nuova Italia d'oltremare$el'opera del fascismo nelle colonie italiane$e791 riproduzione fototipiche, 189 carte geografiche[...]$fnotizie, dati, documenti raccolti d'ordine di S.E. Emilio De Bono, Ministro delle colonie$ge coordinati a testo, con riferimenti d'indole generale, da Angelo Piccioli$gprefazione di Benito Mussolini 210 $aMilano$cMondadori$d1933 215 $a2 v. (XXXI, 1776 p. compless.)$cill.$d27 cm. 410 0$12001 454 1$12001 461 1$1001-------$12001 700 1$aDE BONO,$bEmilio$067986 702 1$aPICCIOLI,$bAngelo 702 1$aMUSSOLINI,$bBenito 801 0$aIT$bsalbc$gISBD 912 $a990001840680203316 951 $aIII.1. 1286/1(I E 88)$b44756 L.M.$cI E 951 $aIII.1. 1286/2(I E 89)$b44757 L.M.$cI E 959 $aBK 969 $aUMA 979 $aSIAV8$b10$c20040709$lUSA01$h1829 979 $aCOPAT1$b90$c20050303$lUSA01$h1624 979 $aCOPAT1$b90$c20050303$lUSA01$h1624 996 $aNuova Italia d'oltremare$9949833 997 $aUNISA LEADER 01301nas 2200409-- 450 001 996321243203316 005 20231214213021.0 011 $a2527-7162 035 $a(DE-599)ZDB2901671-X 035 $a(CKB)1000000000327455 035 $a(CONSER)---75648332- 035 $a(EXLCZ)991000000000327455 100 $a20760207c1968uuuu --- b 101 0 $aind 181 $ctxt$2rdacontent 182 $cc$2rdamedia 200 00$aIlmu pertanian 210 $aJogjakarta$cFakultas Pertanian, Universitas Gadjah Mada 215 $a1 online resource 300 $aRefereed/Peer-reviewed 311 08$aPrint version: Ilmu pertanian. 0126-4214 (DLC) 75648332 (OCoLC)2244260 517 3 $aAgricultural science 606 $aAgriculture$zIndonesia$vPeriodicals 606 $aAgriculture$vPeriodicals 606 $aAgriculture$2fast$3(OCoLC)fst00801355 607 $aIndonesia$2fast$1https://id.oclc.org/worldcat/entity/E39PBJcrbVHmQ674B9vYY3X8G3 608 $aPeriodicals$2fast 615 0$aAgriculture 615 0$aAgriculture 615 7$aAgriculture. 676 $a630.9598 712 02$aUniversitas Gadjah Mada.$bFakultas Pertanian. 906 $aJOURNAL 912 $a996321243203316 920 $aexl_impl conversion 996 $aIlmu pertanian$92016908 997 $aUNISA